000 00407nam a2200169Ia 4500
008 230524s9999 xx 000 0 und d
020 _a9788127237110
082 _a519.5
_bPAT
100 _aDigambar Patri
245 0 _aStatistics for Management
250 _aIST
260 _aNEW DELHI
_bKalyani
_c2008
300 _aIX;19.65
500 _aQuantity Number: 5
650 _aMathematics
942 _cBK
999 _c40669
_d40669